000
00255nam a2200109Ia 4500
008
220120s9999||||xx |||||||||||||| ||und||
082
_a
005.1 KUM
100
_a
Kumar's
245
0
_a
Computer concepts and C programming
260
_b
Belagaum
300
_b
0
999
_c
136382
_d
136382